Financial Accounting (Record no. 1086)

000 -LEADER
fixed length control field 00538nam a22002057a 4500
005 - DATE AND TIME OF LATEST TRANSACTION
control field 20210426125234.0
008 - FIXED-LENGTH DATA ELEMENTS--GENERAL INFORMATION
fixed length control field 210201b1999 ||||| |||| 00| 0 eng d
020 ## - INTERNATIONAL STANDARD BOOK NUMBER
International Standard Book Number 0139742964
040 ## - CATALOGING SOURCE
Transcribing agency DLC
041 ## - LANGUAGE CODE
Language code of text/sound track or separate title eng
080 ## - UNIVERSAL DECIMAL CLASSIFICATION NUMBER
Universal Decimal Classification number 336
Item number E-46
100 ## - MAIN ENTRY--PERSONAL NAME
9 (RLIN) 740
Personal name Elliot,Horngren Sundem
245 ## - TITLE STATEMENT
Title Financial Accounting
Statement of responsibility, etc. Elliot, Hoengren Sundem
250 ## - EDITION STATEMENT
Edition statement seventh edition
260 ## - PUBLICATION, DISTRIBUTION, ETC.
Place of publication, distribution, etc. New Jersi :
Name of publisher, distributor, etc. Prentice Hall
Date of publication, distribution, etc. 1999
300 ## - PHYSICAL DESCRIPTION
Extent 315 p. :
650 #0 - SUBJECT ADDED ENTRY--TOPICAL TERM
9 (RLIN) 454
Topical term or geographic name entry element Finances
653 ## - INDEX TERM--UNCONTROLLED
Uncontrolled term ფინანსები
942 ## - ADDED ENTRY ELEMENTS (KOHA)
Source of classification or shelving scheme
Koha item type Books
Holdings
Withdrawn status Lost status Source of classification or shelving scheme Damaged status Not for loan Permanent location Current location Date acquired Inventory number Total Checkouts Full call number Barcode Date last seen Price effective from Koha item type
          Ken Walker International University Ken Walker International University 02/01/2021 884   336 E-46 884 02/01/2021 02/01/2021 Books

Powered by Koha